LEADER 00741nam a2200181 i 4500 001 000000208280 003 CaOOAMICUS 005 20111116000000.0 008 111116s1857 it u000 u ita u 013 $a187064 040 $aSeMil$bita 100 1 $aSchlegel, Friedrich : von,$d<1772-1829>.$0(OLS)http://semarc/name/10322 245 10$aVol. 1. 300 $aIV, 268 p. 773 0 $aSchlegel, Friedrich : von <1772-1829>$tStoria della letteratura antica e moderna.$b2. ed, riveduta dal traduttore ed accresciuta di note.$dMilano : Soc. Tip. de' Classici italiani, 1857.$g1$w()25796 850 $aSeMil 852 $aSeMil$W1$xVenegono$y1$m1T V 31 FA$j158738$B158738$CSeMilBibl$Z2$F169897 $8I 996 $6245$aVol. 1$9(OLS)http://semarc/title/13429 LEADER 00656naa a2200145 i 4500 001 000000296790 003 CaOOAMICUS 005 20180831172552.0 008 180831n xx u000 u und u 013 $a4274 040 $aSeMil$bita 100 1 $aMonaco, Franco,$d<1951- >.$0(OLS)http://semarc/name/32362 245 10$aCambio d'epoca e implicazioni pastorali. 773 0 $aAmbrosio, Gianni $tPercorsi di chiese.$dMilano : Àncora, copyr. 1990.$kStrumenti per il lavoro pastorale$kContributi per l'azione pastorale, Strumenti per il lavoro pastorale$z8876103457$w()53601 996 $6245$aCambio d'epoca e implicazioni pastorali$9(OLS)http://semarc/title/372840